Hamilton Lyrics Sort #15 - Ten Duel Commandments - Statistics

General Stats
  • This quiz has been taken 60 times
  • The average score is 24 of 50
Answer Stats
Hint Answer % Correct
Line 1 1, 2, 3, 4, 5, 6, 7, 8, 9 [1]
100%
Line 2 It's the ten duel commandments [1]
95%
Line 4 Number one!
86%
Line 6 If they apologize, no need for further action
77%
Line 3 It's the ten duel commandments [2]
77%
Line 5 The challenge, demand satisfaction
77%
Line 8 If they don't, grab a friend, that's your second
68%
Line 7 Number two!
64%
Line 11 Have your seconds meet face to face
59%
Line 9 Your Lieutenant, when there's reckoning to be reckoned
59%
Line 12 Negotiate a peace
55%
Line 10 Number three!
55%
Line 13 Or negotiate a time and place
55%
Line 16 Number four!
50%
Line 37 Aaron Burr, sir
45%
Line 40 But your man has to answer for his words, Burr
45%
Line 38 Can we agree that duels are dumb and immature?
45%
Line 43 Hang on, how many men died because Lee was inexperienced and ruinous?
45%
Line 15 Most disputes die and no one shoots
45%
Line 44 Okay so we're doing this
45%
Line 14 This is commonplace, 'specially 'tween recruits
45%
Line 36 Alexander
41%
Line 22 Duel before the sun is in the sky
41%
Line 21 Five!
41%
Line 25 Leave a note for your next of kin
41%
Line 24 Number six!
41%
Line 23 Pick a place to die where it's high and dry
41%
Line 27 Pray that Hell or Heaven lets you in
41%
Line 35 See if they can set the record straight
41%
Line 34 Send in your seconds
41%
Line 28 Seven!
41%
Line 39 Sure
41%
Line 26 Tell 'em where you been
41%
Line 18 Time to get some pistols and a doctor on site
41%
Line 41 With his life?
41%
Line 20 You have him turn around so he can have deniability
41%
Line 19 You pay him in advance, you treat him with civility
41%
Line 33 Your last chance to negotiate
41%
Line 49 1, 2, 3, 4, 5, 6, 7, 8, 9 [2]
36%
Line 29 Confess your sins
36%
Line 17 If they don't reach a peace, that's alright
36%
Line 46 Look him in the eye, aim no higher
36%
Line 32 Number eight!
36%
Line 50 Number (Ten paces!) Fire!
36%
Line 30 Ready for the moment of adrenaline
36%
Line 47 Summon all the courage you require
36%
Line 48 Then count
36%
Line 42 We both know that's absurd, sir
36%
Line 31 When you finally face your opponent
36%
Line 45 Number nine!
32%
No matching quizzes found
Score Distribution
Percent of People with Each Score
Percentile by Number Answered
Your Score History
You have not taken this quiz